[Event "LTU-ch Women 2020"]
[Site "Vilnius"]
[Date "2020.11.22"]
[Round "4.2"]
[White "Maciulaityte, Barbora"]
[Black "Sibajeva, Marija"]
[Result "0-1"]
[WhiteElo "1696"]
[BlackElo "1910"]
[Annotator "NA"]
[PlyCount "110"]
[EventDate "2020.11.20"]
[EventType "swiss"]
[EventCountry "LTU"]
[SourceTitle "playchess.com"]
[Source "ChessBase"]
[SourceQuality "1"]
[TimeControl "40/5400+30:1800+30"]

1. e4 {[%emt 0:00:00]} c5 {[%emt 0:00:00]} 2. Nf3 {[%emt 0:00:00]} e6 {[%emt 0:00:00]} 3. c3 {[%emt 0:00:00]} d5 {[%emt 0:00:00]} 4. exd5 {[%emt 0:00:00]} Qxd5 {[%emt 0:00:00]} 5. d4 {[%emt 0:00:07]} Nf6 {[%emt 0:00:08]} 6. Be3 {[%emt 0:01:45]} cxd4 {[%emt 0:00:11]} 7. cxd4 {[%emt 0:00:19]} Bb4+ {[%emt 0:00:05]} 8. Nc3 {[%emt 0:00:26]} O-O {[%emt 0:00:06]} 9. Bd3 {[%emt 0:00:53]} b6 {[%emt 0:03:54]} 10. O-O {[%emt 0:00:11]} Qd8 {[%emt 0:00:59]} 11. a3 {[%emt 0:07:58]} Be7 {[%emt 0:01:34]} 12. Qe2 {[%emt 0:07:32]} Bb7 {[%emt 0:00:27]} 13. Rfd1 {[%emt 0:02:44]} Nbd7 {[%emt 0:05:13]} 14. Bc4 {[%emt 0:13:01]} Qc7 {[%emt 0:24:56]} 15. d5 {[%emt 0:06:18]} exd5 {[%emt 0:24:10]} 16. Nxd5 {[%emt 0:00:25]} Nxd5 {[%emt 0:00:19]} 17. Bxd5 {[%emt 0:00:15]} Bxd5 {[%emt 0:00:29]} 18. Rxd5 {[%emt 0:00:07]} Nf6 {[%emt 0:00:37]} 19. Rd3 {[%emt 0:00:33]} Rfe8 {[%emt 0:01:49]} 20. Qd2 {[%emt 0:01:59]} Ne4 {[%emt 0:02:20]} 21. Qd1 {[%emt 0:11:56]} Rad8 {[%emt 0:05:39]} 22. Rc1 {[%emt 0:03:05]} Qb8 {[%emt 0:09:50]} 23. h3 {[%emt 0:04:39]} Bc5 {[%emt 0:01:43]} 24. Nd4 {[%emt 0:05:31]} Qe5 {[%emt 0:09:52]} 25. b4 {[%emt 0:09:02]} Bd6 {[%emt 0:00:55]} 26. Nf3 {[%emt 0:00:14]} Qb5 {[%emt 0:01:11]} 27. Rd5 {[%emt 0:03:27]} Qxd5 {[%emt 0:00:32]} 28. Qxd5 {[%emt 0:01:13]} Bh2+ {[%emt 0:00:06]} 29. Kxh2 {[%emt 0:00:08]} Rxd5 {[%emt 0:00:04]} 30. Rc7 {[%emt 0:00:28]} Ra8 {[%emt 0:02:07]} 31. Re7 {[%emt 0:07:19]} Nf6 {[%emt 0:00:43]} 32. Ne5 {[%emt 0:05:55]} Re8 {[%emt 0:01:50]} 33. Nc6 {[%emt 0:00:09]} Rd7 {[%emt 0:01:16]} 34. Rxd7 {[%emt 0:00:34]} Nxd7 {[%emt 0:00:04]} 35. Nxa7 Ra8 {[%emt 0:01:02]} 36. Nb5 {[%emt 0:00:26]} f6 {[%emt 0:01:35]} 37. Kg3 {[%emt 0:00:26]} Ne5 {[%emt 0:00:04]} 38. Bxb6 {[%emt 0:04:10]} Rb8 {[%emt 0:00:22]} 39. Bc5 {[%emt 0:00:58]} Rxb5 {[%emt 0:00:05]} 40. a4 {[%emt 0:00:09]} Rxc5 {[%emt 0:01:28]} 41. bxc5 {[%emt 0:30:06]} Nc6 {[%emt 0:30:03]} 42. Kf4 {[%emt 0:00:13]} Kf7 {[%emt 0:00:03]} 43. Ke4 {[%emt 0:00:13]} Ke6 {[%emt 0:00:03]} 44. g4 {[%emt 0:00:31]} g6 {[%emt 0:00:54]} 45. f3 {[%emt 0:01:03]} f5+ {[%emt 0:01:43]} 46. gxf5+ {[%emt 0:00:07]} gxf5+ {[%emt 0:00:03]} 47. Kf4 {[%emt 0:00:27]} Kf6 {[%emt 0:00:24]} 48. Ke3 {[%emt 0:00:00]} Ke5 {[%emt 0:00:00]} 49. Kd3 {[%emt 0:00:00]} Na5 {[%emt 0:00:00]} 50. Kc3 {[%emt 0:00:00]} Kd5 {[%emt 0:00:00]} 51. Kb4 {[%emt 0:00:00]} Nb7 {[%emt 0:00:00]} 52. a5 {[%emt 0:00:00]} Nxa5 {[%emt 0:00:00]} 53. Kb5 {[%emt 0:00:00]} Nc6 {[%emt 0:00:00]} 54. f4 {[%emt 0:00:00]} Nd4+ {[%emt 0:00:00]} 55. Kb4 {[%emt 0:00:00]} Ne6 {[%emt 0:00:00]} 0-1

[Event "LTU-ch Women 2020"]
[Site "Vilnius"]
[Date "2020.11.22"]
[Round "4.3"]
[White "Ravlusevic, Evelina"]
[Black "Bajoraite, Rita"]
[Result "1/2-1/2"]
[WhiteElo "1581"]
[BlackElo "1741"]
[Annotator "NA"]
[PlyCount "155"]
[EventDate "2020.11.20"]
[EventType "swiss"]
[EventCountry "LTU"]
[SourceTitle "playchess.com"]
[Source "ChessBase"]
[SourceQuality "1"]
[TimeControl "40/5400+30:1800+30"]

1. d4 {[%emt 0:00:00]} Nf6 {[%emt 0:02:13]} 2. Nf3 {[%emt 0:00:00]} g6 {[%emt 0:00:27]} 3. c4 {[%emt 0:00:00]} Bg7 {[%emt 0:00:41]} 4. Nc3 {[%emt 0:00:04]} d6 {[%emt 0:00:17]} 5. e4 {[%emt 0:00:14]} O-O {[%emt 0:00:29]} 6. Be2 {[%emt 0:00:19]} Bg4 {[%emt 0:02:42]} 7. Be3 {[%emt 0:04:10]} Bxf3 {[%emt 0:01:19]} 8. Bxf3 {[%emt 0:00:15]} c6 {[%emt 0:00:40]} 9. O-O {[%emt 0:00:49]} Nbd7 {[%emt 0:00:41]} 10. Be2 {[%emt 0:03:49]} e5 {[%emt 0:02:16]} 11. dxe5 {[%emt 0:07:55]} dxe5 {[%emt 0:00:54]} 12. Qb3 {[%emt 0:01:15]} Qc7 {[%emt 0:03:15]} 13. Rad1 {[%emt 0:01:03]} Rfe8 {[%emt 0:01:32]} 14. Rd2 {[%emt 0:02:25]} Bf8 {[%emt 0:02:13]} 15. Rfd1 {[%emt 0:06:33]} Nc5 {[%emt 0:05:24]} 16. Qc2 {[%emt 0:01:13]} Ne6 {[%emt 0:03:29]} 17. a3 {[%emt 0:02:12]} Bc5 {[%emt 0:04:48]} 18. Bxc5 {[%emt 0:02:13]} Nxc5 {[%emt 0:01:35]} 19. b4 {[%emt 0:00:58]} Ne6 {[%emt 0:00:33]} 20. Qa2 {[%emt 0:02:52]} Nd4 {[%emt 0:04:20]} 21. c5 {[%emt 0:00:55]} a5 {[%emt 0:01:27]} 22. Qb2 {[%emt 0:01:00]} axb4 {[%emt 0:01:34]} 23. axb4 {[%emt 0:00:11]} b6 {[%emt 0:10:28]} 24. cxb6 {[%emt 0:01:46]} Qxb6 {[%emt 0:00:20]} 25. Bc4 {[%emt 0:01:00]} Reb8 {[%emt 0:01:03]} 26. Rb1 {[%emt 0:01:52]} Ra7 {[%emt 0:03:19]} 27. Qc1 {[%emt 0:03:21]} Rba8 {[%emt 0:09:10]} 28. Rdb2 {[%emt 0:10:58]} Ra3 {[%emt 0:02:18]} 29. h3 {[%emt 0:00:53]} Ne8 {[%emt 0:08:33]} 30. b5 {[%emt 0:06:42]} Nd6 {[%emt 0:01:10]} 31. bxc6 {[%emt 0:01:07]} Qc5 {[%emt 0:06:24]} 32. Nb5 {[%emt 0:13:16]} Qxc4 {[%emt 0:04:30]} 33. Nxd6 {[%emt 0:08:37]} Qxc6 {[%emt 0:02:43]} 34. Rb8+ {[%emt 0:01:59]} Kg7 {[%emt 0:01:21]} 35. Qxc6 {[%emt 0:02:26]} Nxc6 {[%emt 0:00:15]} 36. R8b7 {[%emt 0:03:04]} Nd8 {[%emt 0:05:43]} 37. Re7 {[%emt 0:03:25]} Ra1 {[%emt 0:01:35]} 38. Rxa1 {[%emt 0:00:32]} Rxa1+ {[%emt 0:00:01]} 39. Kh2 {[%emt 0:00:09]} Kf6 {[%emt 0:02:22]} 40. Re8 {[%emt 0:01:40]} Ne6 {[%emt 0:02:10]} 41. Rb8 {[%emt 0:30:54]} Ra2 {[%emt 0:33:01]} 42. Rb7 {[%emt 0:01:12]} Nf4 {[%emt 0:00:57]} 43. Kg3 {[%emt 0:05:13]} Nh5+ {[%emt 0:00:00]} 44. Kf3 {[%emt 0:00:00]} Ra3+ {[%emt 0:00:00]} 45. Kg4 {[%emt 0:00:00]} Nf4 {[%emt 0:00:00]} 46. Ne8+ {[%emt 0:00:00]} Ke6 {[%emt 0:00:00]} 47. Kg5 {[%emt 0:00:00]} Ra2 {[%emt 0:00:00]} 48. Ng7+ {[%emt 0:00:00]} Kd6 {[%emt 0:00:00]} 49. Rxf7 {[%emt 0:00:00]} Rxf2 {[%emt 0:00:00]} 50. Ne8+ {[%emt 0:00:00]} Ke6 {[%emt 0:00:00]} 51. Rxh7 {[%emt 0:00:00]} Rxg2+ {[%emt 0:00:00]} 52. Kh6 {[%emt 0:00:00]} Nxh3 {[%emt 0:00:00]} 53. Ra7 {[%emt 0:00:00]} Nf4 {[%emt 0:00:00]} 54. Ra6+ {[%emt 0:00:00]} Ke7 {[%emt 0:00:00]} 55. Nc7 {[%emt 0:00:00]} g5 {[%emt 0:00:00]} 56. Ra5 {[%emt 0:00:00]} Kd7 {[%emt 0:00:00]} 57. Nd5 {[%emt 0:02:30]} Nxd5 {[%emt 0:00:00]} 58. Rxd5+ {[%emt 0:00:23]} Ke6 {[%emt 0:00:00]} 59. Rd8 {[%emt 0:00:35]} Rg4 {[%emt 0:00:14]} 60. Re8+ {[%emt 0:01:20]} Kd6 {[%emt 0:01:14]} 61. Kg6 {[%emt 0:00:25]} Rxe4 {[%emt 0:00:44]} 62. Kxg5 {[%emt 0:00:11]} Rf4 {[%emt 0:00:50]} 63. Rd8+ {[%emt 0:00:20]} Kc5 {[%emt 0:00:41]} 64. Rd7 {[%emt 0:01:01]} Kc4 {[%emt 0:00:24]} 65. Rd8 {[%emt 0:00:23]} Rf3 {[%emt 0:00:47]} 66. Kg4 {[%emt 0:00:12]} e4 {[%emt 0:00:18]} 67. Rc8+ {[%emt 0:00:34]} Kd3 {[%emt 0:01:19]} 68. Ra8 {[%emt 0:00:41]} Rf2 {[%emt 0:04:32]} 69. Ra3+ {[%emt 0:00:29]} Ke2 {[%emt 0:00:24]} 70. Ra2+ {[%emt 0:00:28]} Kf1 {[%emt 0:00:18]} 71. Ra1+ {[%emt 0:00:07]} Ke2 {[%emt 0:00:25]} 72. Ra2+ {[%emt 0:00:04]} Ke3 {[%emt 0:00:12]} 73. Ra3+ {[%emt 0:00:06]} Kd4 {[%emt 0:00:10]} 74. Ra4+ {[%emt 0:00:13]} Kd5 {[%emt 0:00:45]} 75. Ra5+ {[%emt 0:00:06]} Kd6 {[%emt 0:01:43]} 76. Ra6+ {[%emt 0:00:06]} Kd7 {[%emt 0:00:17]} 77. Ra7+ {[%emt 0:00:05]} Kc6 {[%emt 0:00:24]} 78. Ra6+ {[%emt 0:00:06]} 1/2-1/2

[Event "LTU-ch Women 2020"]
[Site "Vilnius"]
[Date "2020.11.22"]
[Round "4.4"]
[White "Saumanaite, Skaiste"]
[Black "Plutaite, Ausra"]
[Result "1-0"]
[WhiteElo "2033"]
[BlackElo "1400"]
[Annotator "TA"]
[PlyCount "79"]
[EventDate "2020.11.20"]
[EventType "swiss"]
[EventCountry "LTU"]
[SourceTitle "playchess.com"]
[Source "ChessBase"]
[SourceQuality "1"]

{[%evp 15,78,43,83,80,79,86,87,93,207,77,88,89,84,84,70,82,133,130,228,172,154,197,479,468,474,443,489,454,469,451,497,504,525,417,583,599,592,571,568,625,683,660,943,931,947,651,649,0,860,570,773,737,708,700,1139,958,29992,29993,29993,29994,29997,29998,29998,29999,29999]} 1. d4 e6 2. Nf3 c5 3. g3 Nf6 4. Bg2 d5 5. c4 Nc6 6. cxd5 exd5 7. O-O cxd4 8. Nxd4 Bc5 {now supersedes 8...Be7.} 9. Nxc6 $1 {D30: Queen's Gambit Declined: Systems without Nc3.} bxc6 {[#]} 10. Qc2 $1 {[%cal Rc2c5]} Qb6 11. Nc3 {White is better.} Ng4 (11... Be7 $16) 12. e3 {[#]} (12. e4 $18 {and the rest is easy.}) 12... Bd6 $146 ({Predecessor:} 12... Be7 13. Na4 Qb5 14. b3 Nf6 15. Bb2 O-O 16. Rac1 Bd7 17. Rfd1 Rac8 18. Qc3 Bb4 {1-0 (30) Leroy,D (2316)-Leclair,M (2024) France 2007}) 13. e4 O-O 14. exd5 Ba6 15. Na4 Qa5 (15... Qb8 $142) 16. Bd2 $16 (16. Qxc6 $2 Bxf1 17. Bxf1 {[#]} Qe1 $1 $17 {[%mdl 512]}) 16... Qb5 (16... Qd8 $16) 17. dxc6 {h3 is the strong threat.} Qh5 {[%csl Gg4][%cal Rh5h2]} 18. h3 Bxf1 $2 (18... Ne5 19. Rfd1 Bd3) 19. hxg4 $18 ({Less strong is} 19. Rxf1 Nf6 $16) ({Not} 19. Kxf1 Nh2+ 20. Kg1 Nf3+ 21. Kh1 Nxd2 $11) (19. Bxf1 Ne5 $16) 19... Qxg4 20. Kxf1 Rae8 21. Re1 h5 22. b3 h4 23. gxh4 Qxh4 24. Nc5 Bc7 25. Qf5 g6 26. Qh3 Rxe1+ 27. Bxe1 Qd4 28. Qc3 Qd1 29. Nd7 {aiming for Nf6+.} Rd8 30. Qd2 Qa1 31. Qc3 Qd1 $1 32. b4 Qb1 33. Bd5 Qf5 34. Qf3 Bf4 35. Bc3 g5 {[#]} 36. Qh5 $1 {[%csl Gc3][%cal Rh5h8] White mates.} Qd3+ 37. Kg1 {[%csl Gh5][%cal Rd5f7]} Qxc3 38. Bxf7+ Kg7 39. Qg6+ Kh8 40. Qh6# {Weighted Error Value: White=0.21/Black=0.48} 1-0

[Event "LTU-ch Women 2020"]
[Site "Vilnius"]
[Date "2020.11.22"]
[Round "4.6"]
[White "Sitkauskaite, Ieva"]
[Black "Sukyte, Kotryna"]
[Result "1-0"]
[WhiteElo "1367"]
[BlackElo "1405"]
[Annotator "NA"]
[PlyCount "115"]
[EventDate "2020.11.20"]
[EventType "swiss"]
[EventCountry "LTU"]
[SourceTitle "playchess.com"]
[Source "ChessBase"]
[SourceQuality "1"]
[TimeControl "40/5400+30:1800+30"]

1. e4 {[%emt 0:00:00]} Nf6 {[%emt 0:00:00]} 2. e5 {[%emt 0:00:00]} Nd5 {[%emt 0:00:00]} 3. c4 {[%emt 0:00:34]} Nb6 {[%emt 0:00:01]} 4. d4 {[%emt 0:00:38]} d6 {[%emt 0:00:18]} 5. exd6 {[%emt 0:01:34]} cxd6 {[%emt 0:00:17]} 6. b3 {[%emt 0:01:50]} g6 {[%emt 0:00:25]} 7. Bb2 {[%emt 0:00:39]} Bg7 {[%emt 0:00:16]} 8. Nf3 {[%emt 0:03:08]} O-O {[%emt 0:00:44]} 9. Be2 {[%emt 0:00:54]} Nc6 {[%emt 0:01:35]} 10. O-O {[%emt 0:02:04]} Bf5 {[%emt 0:01:09]} 11. Nc3 {[%emt 0:02:57]} e5 {[%emt 0:02:20]} 12. d5 {[%emt 0:03:07]} Ne7 {[%emt 0:00:36]} 13. Nh4 {[%emt 0:06:22]} Bd7 {[%emt 0:05:56]} 14. Ne4 {[%emt 0:05:21]} Nf5 {[%emt 0:15:46]} 15. Nf3 {[%emt 0:04:45]} Bc8 {[%emt 0:10:11]} 16. Rc1 {[%emt 0:05:49]} Nd7 {[%emt 0:09:00]} 17. a4 {[%emt 0:09:49]} Nf6 {[%emt 0:04:09]} 18. Nfd2 {[%emt 0:05:15]} Nxe4 {[%emt 0:12:43]} 19. Nxe4 {[%emt 0:00:16]} Qb6 {[%emt 0:08:39]} 20. Ba3 {[%emt 0:06:11]} Nd4 {[%emt 0:07:26]} 21. Bxd6 {[%emt 0:12:10]} Rd8 {[%emt 0:02:03]} 22. b4 {[%emt 0:12:27]} a5 {[%emt 0:12:18]} 23. Bc5 {[%emt 0:02:49]} Qc7 {[%emt 0:02:45]} 24. Bxd4 {[%emt 0:02:39]} exd4 {[%emt 0:00:12]} 25. b5 {[%emt 0:00:40]} Bf5 {[%emt 0:01:30]} 26. Nd2 {[%emt 0:02:22]} Bh6 {[%emt 0:01:28]} 27. g3 {[%emt 0:02:49]} Qc5 {[%emt 0:00:52]} 28. Nb3 {[%emt 0:01:22]} Qb4 {[%emt 0:00:37]} 29. Ra1 {[%emt 0:00:44]} Bg7 {[%emt 0:00:38]} 30. Ra2 {[%emt 0:00:54]} d3 {[%emt 0:00:27]} 31. Bxd3 {[%emt 0:00:36]} Bxd3 {[%emt 0:00:20]} 32. Qxd3 {[%emt 0:00:06]} b6 {[%emt 0:00:26]} 33. Nd4 {[%emt 0:01:43]} Bxd4 {[%emt 0:00:30]} 34. Qxd4 {[%emt 0:00:05]} Rab8 {[%emt 0:00:33]} 35. Rc1 {[%emt 0:02:26]} Rd6 {[%emt 0:00:35]} 36. Qc3 {[%emt 0:00:59]} Qc5 {[%emt 0:00:22]} 37. Qa3 {[%emt 0:00:31]} Rc8 {[%emt 0:00:24]} 38. Qxc5 {[%emt 0:00:41]} Rxc5 {[%emt 0:00:07]} 39. Rac2 {[%emt 0:00:35]} Kg7 {[%emt 0:00:36]} 40. f4 {[%emt 0:00:54]} Kf6 {[%emt 0:00:28]} 41. Kf2 {[%emt 0:30:15]} Rd8 {[%emt 0:30:42]} 42. Kf3 {[%emt 0:01:01]} Ke7 {[%emt 0:00:39]} 43. Ke4 {[%emt 0:00:40]} Kd6 {[%emt 0:00:16]} 44. Kd4 {[%emt 0:00:41]} Re8 {[%emt 0:00:28]} 45. Rf1 {[%emt 0:00:00]} Rec8 {[%emt 0:00:00]} 46. Kd3 {[%emt 0:00:00]} Re8 {[%emt 0:00:00]} 47. Rcc1 {[%emt 0:00:00]} Rc7 {[%emt 0:00:00]} 48. Rfe1 {[%emt 0:00:00]} Rce7 {[%emt 0:00:00]} 49. Rxe7 {[%emt 0:00:00]} Rxe7 {[%emt 0:00:00]} 50. Rc2 {[%emt 0:00:00]} Kc5 {[%emt 0:00:00]} 51. Re2 {[%emt 0:00:00]} Rc7 {[%emt 0:00:00]} 52. Kc3 {[%emt 0:00:00]} h5 {[%emt 0:00:00]} 53. Re8 {[%emt 0:00:00]} Kd6 {[%emt 0:00:00]} 54. Rd8+ {[%emt 0:00:00]} Kc5 {[%emt 0:00:00]} 55. Rb8 {[%emt 0:00:00]} f5 {[%emt 0:00:00]} 56. Re8 {[%emt 0:01:57]} Kd6 {[%emt 0:00:00]} 57. Re6+ {[%emt 0:00:16]} Kd7 {[%emt 0:00:00]} 58. Rxb6 {[%emt 0:00:17]} 1-0

[Event "LTU-ch Women 2020"]
[Site "Vilnius"]
[Date "2020.11.23"]
[Round "5.1"]
[White "Baginskaite, Kamile"]
[Black "Sibajeva, Marija"]
[Result "0-1"]
[WhiteElo "2141"]
[BlackElo "1910"]
[Annotator "TA"]
[PlyCount "80"]
[EventDate "2020.11.20"]
[EventType "swiss"]
[EventCountry "LTU"]
[SourceTitle "playchess.com"]
[Source "ChessBase"]
[SourceQuality "1"]

{[%evp 9,80,10,68,-10,-10,-10,-10,-9,-7,0,-7,-8,67,-5,0,-49,-60,-83,-57,-87,-87,-82,-80,-110,-104,-117,-116,-118,-112,-134,-127,-123,-123,-125,-127,-141,-141,-141,-146,-141,-131,-146,-141,-139,-135,-170,-157,-224,-216,-205,-205,-216,-199,-200,-219,-235,-234,-248,-228,-522,-516,-497,-485,-469,-469,-491,-481,-679,-681,-715,-595,-600,-566]} 1. d4 d5 2. c4 e5 3. dxe5 d4 4. a3 Nc6 {[%cal Bb8c6,Bc6e5,Be5c4][%mdl 32]} 5. e3 Nh6 {[#]} ({Black should play} 5... Be6 $11) 6. Ne2 $146 {D07: Queen's Gambit: Chigorin Defence.} (6. Nf3 $14) ({Predecessor:} 6. Nf3 Bg4 7. Be2 dxe3 8. Qxd8+ Rxd8 9. Bxe3 Nf5 10. Bg5 Be7 11. Bxe7 Nfxe7 12. Nc3 Bxf3 13. Bxf3 Nxe5 14. Bxb7 {1-0 (32) Sokolov,I (2603)-Trent,L (2427) Douglas 2017}) 6... dxe3 $1 $11 7. Qxd8+ Kxd8 8. Bxe3 {The position is equal.} Nxe5 9. Nbc3 Nxc4 10. O-O-O+ Bd6 (10... Bd7 $11) 11. Bf4 ({White should try} 11. Bg5+ $14 f6 12. Bxh6 gxh6 13. Ng3) 11... Bd7 12. Bxd6 Nxd6 13. Ng3 {White is now going downhill.} Nhf5 14. Nxf5 Bxf5 15. Bc4 Kc8 16. Nd5 Re8 ({Reject} 16... Nxc4 17. Ne7+ Kb8 18. Nxf5 $11) 17. Rhe1 Rxe1 18. Rxe1 Be6 19. Ba2 c6 20. Nc3 Bxa2 21. Nxa2 $17 {[%mdl 4096] Endgame KRN-KRN} Kd7 22. Nb4 Re8 23. Rxe8 Kxe8 {KN-KN} 24. Kd2 Ke7 25. Kd3 Ke6 26. Nc2 c5 27. b4 cxb4 28. Nxb4 (28. axb4 $17 Ke5 29. f3) 28... a5 $19 29. Na2 Kd5 30. Nc3+ Kc5 31. Na4+ Kc6 32. Nb2 b5 {[%cal Bb7b5,Bb5b4][%mdl 32]} 33. Kd4 a4 34. g4 $2 {[#]} (34. Nd3 {was worth a try.}) 34... b4 $1 {[%mdl 512] Black is clearly winning.} 35. Nd3 (35. axb4 a3) 35... bxa3 36. Nb4+ Kb5 37. Na2 Nb7 38. f3 (38. h4 $142 Nd8 39. Kc3) 38... Na5 39. Kc3 Nc6 40. h4 Ne5 {Weighted Error Value: White=0.33/Black=0.15} 0-1

[Event "LTU-ch Women 2020"]
[Site "Vilnius"]
[Date "2020.11.23"]
[Round "5.2"]
[White "Bajoraite, Rita"]
[Black "Saumanaite, Skaiste"]
[Result "1-0"]
[WhiteElo "1741"]
[BlackElo "2033"]
[Annotator "TA"]
[PlyCount "137"]
[EventDate "2020.11.20"]
[EventType "swiss"]
[EventCountry "LTU"]
[SourceTitle "playchess.com"]
[Source "ChessBase"]
[SourceQuality "1"]

{[%evp 10,136,3,0,28,18,14,16,36,-10,43,31,61,41,50,26,22,6,20,-47,23,-25,0,-39,-13,-17,10,0,0,4,19,12,15,23,58,32,30,40,26,25,45,0,51,43,109,96,104,91,100,100,89,0,19,0,72,56,102,55,105,76,95,0,0,-268,-267,-262,-269,-29988,-29989,-29989,-29990,-29990,-335,-343,-327,-429,-429,-393,-225,-198,-12,-10,29983,29984,29984,29985,29985,29986,29987,450,473,452,429,27,35,8,2,0,0,-260,0,0,0,-8,0,-66,0,-8,0,0,5547,5431,29993,29994,29994,29995,29995,29996,29996,29995,29995,0,0,0,29995,29996,29996,29997,29999]} 1. d4 d5 2. Nf3 Nf6 3. c4 c6 4. e3 e6 5. a3 Nbd7 6. Nc3 Qc7 {D45: Semi-Slav: 5 e3.} 7. Bd3 dxc4 8. Bxc4 {[#]} b5 $146 {The position is equal.} ({Predecessor:} 8... Bd6 9. h3 O-O 10. O-O b5 11. Bd3 a6 12. Bd2 c5 13. Rc1 c4 14. Bb1 Bb7 {0-1 (53) Mbatha,C (1809)-Bouah,D (1913) Windhoek 2014}) 9. Ba2 a6 (9... a5 $11) 10. O-O $14 Bd6 11. e4 {Black must now prevent e5.} e5 $1 12. d5 {And now dxc6 would win.} c5 $1 13. Qc2 O-O 14. Bg5 (14. b3 $11) 14... Ne8 (14... h6 $15 15. Be3 c4) 15. Nh4 Nb6 16. Ne2 f6 17. Be3 g5 18. Nf5 Bxf5 19. exf5 Rc8 20. Rad1 Kh8 21. Ng3 Ng7 22. Bb1 Rf7 23. Qe2 Nc4 24. Bc1 Bf8 25. Nh5 Ne8 (25... Nxh5 $11 26. Qxh5 Rg7) 26. Qg4 Ned6 (26... h6 $14) 27. h4 $16 gxh4 28. Qxh4 Be7 29. f4 {Threatens to win with b3.} e4 30. Ng3 ({White should play} 30. Rfe1 $16) 30... Rg8 31. Nxe4 Nxf5 (31... Rfg7 $11 32. Rf2 (32. Nxf6 $2 Qd8 $19) 32... Nxf5) 32. Qh3 Nd4 33. Rf2 Rfg7 34. b3 Nd6 35. Nxd6 (35. Bb2 $16) 35... Bxd6 $11 36. Bf5 $2 {[%mdl 8192]} (36. b4 $11 {and White is okay.}) 36... Rg3 $19 37. Qh5 Qg7 {[%cal Rg3g2]} ({Less strong is} 37... Rxb3 38. Bb2 $17) 38. Rxd4 $2 (38. Bh3 $19) 38... Rxg2+ 39. Kf1 Rxf2+ 40. Kxf2 cxd4 $2 (40... Qg1+ 41. Ke2 Rg2+ 42. Kf3 Qf2+ 43. Ke4 Qxd4+ 44. Kf3 Qf2+ 45. Ke4 Qc2+ $1 {[%mdl 576] Double Attack} 46. Ke3 Qxc1+ {[%mdl 64] Double Attack} 47. Kf3 Qf1+ 48. Ke4 Qxf4+ 49. Kd3 Qd4#) 41. Qh2 Qc7 {Hoping for ...Rg7.} 42. Bd2 Bxa3 43. b4 Rd8 (43... Rg7 $142 {Strongly threatening ...Bxb4!} 44. Qh4 Bc1 45. Bxc1 Qxc1 46. Qxf6 Qxf4+ 47. Ke1 Qc1+ 48. Kf2 Qe3+ 49. Kf1 Qf3+ 50. Ke1 Qxd5 51. Qf8+ Qg8) 44. Qh4 Qe7 $2 {[#]} ({Better is} 44... Rxd5 $19 45. Be6 Rd6) 45. Bxh7 $1 $11 {[%mdl 512] aiming for Bf5+.} Qg7 $2 {[%mdl 8192] [#]} ({Wrong is} 45... Bxb4 $2 46. Bf5+ Kg8 47. Be6+ Kg7 48. Qg4+ Kh8 49. Qh5+ Kg7 50. Bxb4 $18) (45... Kg7 $11 46. f5 Bxb4 47. Qh6+ Kh8 48. Bg6+ Kg8 49. Bxb4 Qe3+ 50. Qxe3 dxe3+ 51. Kxe3 Rxd5) (45... Qxh7 46. Qxf6+) 46. Bf5+ $1 Kg8 47. Be6+ Kf8 {[#]} 48. f5 $1 Ke7 49. Qxd4 (49. Bh6 $142 Qxh6 50. Qxh6 Rxd5 51. Qg7+ Kd6 52. Qd7+ Ke5 53. Qxd5+ Kf4 54. Qxd4+ {[%mdl 64] Double Attack} Kg5 55. Qe3+ {[%mdl 64] Double Attack} Kg4 56. Qg3+ Kh5 57. Bf7+ Kh6 58. Qg6#) 49... Ke8 $18 50. Qc3 Qh8 51. Qc6+ $2 ({Don't play} 51. Qxa3 Qh4+ 52. Ke2 Qc4+ 53. Kd1 Rxd5 $18) (51. Kg2 $18) 51... Kf8 $11 {With the idea ...Qh4+.} 52. Qc5+ {[%mdl 1024] White has compensation.} Ke8 53. Qe3 Bb2 54. Bc8+ $2 {[%mdl 8192]} (54. Qa7 $11 {and White has nothing to worry.} Qh5 55. Qg7 Qh4+ 56. Kf3 Qh5+ 57. Kg3 Be5+ 58. Kf2) 54... Kf8 $2 ({Black should try} 54... Be5 $19 55. Be6 Qh4+ 56. Kf1 Qg4) 55. Qc5+ Ke8 56. Be6 Qh2+ 57. Ke3 (57. Ke1 $11) 57... Qg3+ (57... Be5 $1 $15 58. Kd3 Qh4) 58. Ke4 $132 {[%mdl 2048] Threatening mate with Qc6+. White is not keeping still} Qg2+ 59. Kd3 {Qc6+ would kill now.} Qf3+ $2 {[%mdl 8192]} (59... Qh1 $11) 60. Kc2 $18 {White threatens Qc6+ and mate.} Be5 61. Qc6+ {[%mdl 64] Double Attack. Cut Off at move 61} Ke7 62. Qb7+ Kd6 63. Qxa6+ Ke7 64. Qb7+ Kd6 65. Qxb5 $2 (65. Qb6+ {mates} Ke7 66. Qa7+ Bc7 67. Qxc7+ Rd7 68. Qxd7+ {[%mdl 64] Double Attack} Kf8 69. Bh6#) 65... Qe4+ $11 66. Qd3 Qg2 $2 {[%mdl 8192]} (66... Qxd3+ $11 67. Kxd3 Rh8) 67. Qa6+ {White mates.} Ke7 68. Qa7+ Kd6 69. Qc5# {A wild game.  Weighted Error Value: White=0.70/Black=0.69} 1-0